00793nam a2200241 a 4500001001000000003000400010005001700014008004100031040002500072082000600097100004100103245005900144250001100203260004800214300002100262500004200283504003200325590002800357910002800385942001300413952010800426999001700534000040076OSt20201002033913.0130805s1966 ag 000 0 spa d aDO-SdBNPbspacBNPHU bC1 aCalderón de la Barca, Pedro95209313aEl alcalde de Zalamea /cPedro Calderón de la Barca. a3a ed. aBuenos Aires, Argentina :bKapelusz,c1966. a120 p. ;c18 cm. aIncluye notas al pie de las páginas aBibliografía : p. 119-120 aInventariado, 2020 / DG aInventariado, 2020 / DG 2ddccLF1 00102ddc50718MOaGRbGRcCTd2013-08-05eDonaciòniLF1l0o p40076-10r2020-06-25w2020-06-25y1 c39566d39566